000 00587nam a2200205Ia 4500
003 OSt
005 20230511143505.0
008 210423s2012 xx 000 0 und d
020 _a9780321818461
040 _cAL
041 _aeng
082 _a574.87322 SANM
_223
100 _aSANDERS (Mark F);BOWMAN (John L).
_9103262
245 _aGenetic analysis: an integrated approach.
260 _aBoston
_bBenjamin Cummings Publishing Company
_c2012
300 _axxii,768
_bHB
365 _b2655
_cINR
906 _aan ; analysis: ; approach. ; Genetic ; integrated
942 _2ddc
_cBK
999 _c164635
_d164635